| 000 | 00619nam a2200217Ia 4500 | ||
|---|---|---|---|
| 005 | 20260429112031.0 | ||
| 008 | 260429s9999||||xx |||||||||||||| ||und|| | ||
| 020 | _a9781032490489 | ||
| 041 | _aEnglish | ||
| 082 |
_a327.172 _bSTA |
||
| 100 | _aStacey, L. Connaugton | ||
| 245 | 0 |
_aRoutledge handbook of conflict and peace communication / _cL. Connaugton Stacey |
|
| 250 | _a1st ed. | ||
| 260 |
_aUnited Kingdom : _bRoutledge, _c2025. |
||
| 300 | _axxxiii, 432 p.; hb | ||
| 650 | _a International relations | ||
| 650 | _a Peace | ||
| 650 | _aPolitical science | ||
| 700 | _a Pukallus, Stefanie | ||
| 942 | _cTB | ||
| 999 |
_c52002 _d52002 |
||